000 00376nam a2200157Ia 4500
003 OSt
005 20240522124808.0
008 170524s9999 xx 000 0 und d
020 _a978-8120306530
040 _cIIMT UNIVERSITY
100 _aCromwell L
245 0 _aBiomedical Insrtrumantation and Measurement
260 _bPHI New Delhi
260 _c2011
942 _2ddc
_c02
999 _c6076
_d6076